Nitin Vaid's Tax deduction at source : (Record no. 140247)

MARC details
000 -LEADER
fixed length control field 00650nam a22002057a 4500
005 - DATE AND TIME OF LATEST TRANSACTION
control field 20170522161807.0
010 ## - LCCN (DPL NO)
LC control number ENG-118316
020 ## - INTERNATIONAL STANDARD BOOK NUMBER
International Standard Book Number 9788131250846
Terms of availability 950.00
035 ## - SYSTEM CONTROL NUMBER
System control number EN-101848
037 ## - SOURCE OF ACQUISITION
Source of stock number/acquisition DBAD/PUB
082 ## - DEWEY DECIMAL CLASSIFICATION NUMBER
Classification number 336.24
100 ## - MAIN ENTRY--PERSONAL NAME
Personal name Vaid, Nitin
245 ## - TITLE STATEMENT
Title Nitin Vaid's Tax deduction at source :
Statement of responsibility, etc by Nitin Vaid
Remainder of title simplified /
250 ## - EDITION STATEMENT
Edition statement 3rd ed.
Remainder of edition statement Anuj Mahajan
260 ## - PUBLICATION, DISTRIBUTION, ETC. (IMPRINT)
Name of publisher, distributor, etc LexisNexis
Date of publication, distribution, etc 2015
Place of publication, distribution, etc Gurgaon
270 ## - ADDRESS
City Gurgaon
Postal code 122002
Address 14th Floor Building No.10, Tower-B, DLF Cyber City, Phase-II,
300 ## - PHYSICAL DESCRIPTION
Extent various pagings
Dimensions 23cm (pbk)
700 ## - ADDED ENTRY--PERSONAL NAME
Dates associated with a name Anuj Mahajan
942 ## - ADDED ENTRY ELEMENTS (KOHA)
Source of classification or shelving scheme Dewey Decimal Classification
Item type English Books
Call number suffix VAI
Classification part 336.24
Holdings
Withdrawn status Lost status Not for loan Collection code Home library Current library Date acquired Source of acquisition Cost, normal purchase price Full call number Barcode Copy number Cost, replacement price Koha item type
    Not For Loan Non-fiction Bawana Bawana 22/05/2017 DBAD/PUB 950.00 336.24 MAH EN-101848 1 950.00 English Books

© Delhi Public Library
Hit Counter
free hit counter